| 000 -LEADER |
| fixed length control field |
03401cam a22005777i 4500 |
| 001 - CONTROL NUMBER |
| control field |
19594055 |
| 003 - CONTROL NUMBER IDENTIFIER |
| control field |
NUST |
| 005 - DATE AND TIME OF LATEST TRANSACTION |
| control field |
20240304114628.0 |
| 008 - FIXED-LENGTH DATA ELEMENTS--GENERAL INFORMATION |
| fixed length control field |
170412t20172017nyua b 000 0deng d |
| 010 ## - LIBRARY OF CONGRESS CONTROL NUMBER |
| LC control number |
2017939781 |
| 020 ## - INTERNATIONAL STANDARD BOOK NUMBER |
| International Standard Book Number |
9781580934992 |
| Qualifying information |
(hardcover) |
| 020 ## - INTERNATIONAL STANDARD BOOK NUMBER |
| International Standard Book Number |
1580934994 |
| Qualifying information |
(hardcover) |
| 035 ## - SYSTEM CONTROL NUMBER |
| System control number |
(OCoLC)ocn973084281 |
| 038 ## - RECORD CONTENT LICENSOR |
| Staff Name |
Malang Jan |
| 040 ## - CATALOGING SOURCE |
| Original cataloging agency |
YDX |
| Language of cataloging |
eng |
| Transcribing agency |
YDX |
| Description conventions |
rda |
| Modifying agency |
CBY |
| -- |
WAU |
| -- |
ZYU |
| -- |
UWW |
| -- |
OCLCF |
| -- |
OMB |
| -- |
IBZ |
| -- |
DLC |
| 042 ## - AUTHENTICATION CODE |
| Authentication code |
lccopycat |
| 050 00 - LIBRARY OF CONGRESS CALL NUMBER |
| Classification number |
NA737.W67 |
| Item number |
A88 2017 |
| 082 04 - DEWEY DECIMAL CLASSIFICATION NUMBER |
| Classification number |
728.92 |
| Edition number |
23 |
| Author Mark |
AND |
| 100 1# - MAIN ENTRY--PERSONAL NAME |
| Personal name |
Andraos, Amale, |
| Dates associated with a name |
1973- |
| Relator term |
author, |
| -- |
architect. |
| 9 (RLIN) |
120814 |
| 245 10 - TITLE STATEMENT |
| Title |
WORKac : |
| Remainder of title |
we'll get there when we cross that bridge / |
| Statement of responsibility, etc. |
Amale Andraos & Dan Wood. |
| 264 #1 - PRODUCTION, PUBLICATION, DISTRIBUTION, MANUFACTURE, AND COPYRIGHT NOTICE |
| Place of production, publication, distribution, manufacture |
New York, NY : |
| Name of producer, publisher, distributor, manufacturer |
The Monacelli Press, |
| Date of production, publication, distribution, manufacture, or copyright notice |
[2017] |
| 264 #4 - PRODUCTION, PUBLICATION, DISTRIBUTION, MANUFACTURE, AND COPYRIGHT NOTICE |
| Date of production, publication, distribution, manufacture, or copyright notice |
©2017 |
| 300 ## - PHYSICAL DESCRIPTION |
| Extent |
360 pages : |
| Other physical details |
illustrations (chiefly color) ; |
| Dimensions |
26 cm |
| 336 ## - CONTENT TYPE |
| Content type term |
still image |
| Content type code |
sti |
| Source |
rdacontent |
| 336 ## - CONTENT TYPE |
| Content type term |
text |
| Content type code |
txt |
| Source |
rdacontent |
| 337 ## - MEDIA TYPE |
| Media type term |
unmediated |
| Media type code |
n |
| Source |
rdamedia |
| 338 ## - CARRIER TYPE |
| Carrier type term |
volume |
| Carrier type code |
nc |
| Source |
rdacarrier |
| 386 ## - CREATOR/CONTRIBUTOR CHARACTERISTICS |
| Demographic group code |
nat |
| Creator/contributor term |
Americans |
| Source |
lcdgt |
| 386 ## - CREATOR/CONTRIBUTOR CHARACTERISTICS |
| Demographic group code |
eth |
| Creator/contributor term |
Lebanese Americans |
| Source |
lcdgt |
| 386 ## - CREATOR/CONTRIBUTOR CHARACTERISTICS |
| Creator/contributor term |
Women |
| Source |
lcdgt |
| 504 ## - BIBLIOGRAPHY, ETC. NOTE |
| Bibliography, etc. note |
Includes bibliographical references. |
| 505 0# - FORMATTED CONTENTS NOTE |
| Formatted contents note |
[I.] Say yes to everything 2003-2008 : White Street loft, Tribeca, New York -- Inner life -- Anthropologie, Dos Lagos, Corona, California -- Context -- PF1, Long Island City, Queens, New York -- Infoodstructure -- [II.] Make no medium-sized plans 2008-2013 : Edible Schoolyard NYC at P.S. 216 & P.S. 7, Gravesend, Brooklyn, New York and East Harlem, New York -- Pop -- Nature-city, Keizer, Oregon -- Urbanism -- L'Assemblée Radieuse, Libreville, Gabon -- Environments -- [III.] Stuff the envelope 2013-2018 : Wieden+Kennedy, Hudson Square, New York -- Work culture -- Stealth Building, Tribeca, New York -- Preservation -- Beirut Museum of Art, Beirut Lebanon -- Envelope -- Arizona House, Tubac, Arizona -- Green House -- Epilogue: Kew Gardens Hills Library, Queens, New York. |
| 520 ## - SUMMARY, ETC. |
| Summary, etc. |
Traces fifteen years of collaboration between architects Amale Andraos and Dan Wood of WORK Architecture Company. Showcasing projects for MoMA PS1, Edible Schoolyards NYC, Anthropologie, Diane von Furstenberg, Creative Time, and many more, the book is a tasting menu of everything the practice embraces: never assuming what architecture "is" but always imagining together what it can become. |
| 600 10 - SUBJECT ADDED ENTRY--PERSONAL NAME |
| Personal name |
Andraos, Amale, |
| Dates associated with a name |
1973- |
| 9 (RLIN) |
120814 |
| 600 10 - SUBJECT ADDED ENTRY--PERSONAL NAME |
| Personal name |
Wood, Dan, |
| Dates associated with a name |
1967- |
| 9 (RLIN) |
120815 |
| 610 20 - SUBJECT ADDED ENTRY--CORPORATE NAME |
| Corporate name or jurisdiction name as entry element |
Work Architecture Company. |
| 9 (RLIN) |
120812 |
| 610 27 - SUBJECT ADDED ENTRY--CORPORATE NAME |
| Corporate name or jurisdiction name as entry element |
Work Architecture Company. |
| Source of heading or term |
fast |
| Authority record control number or standard number |
(OCoLC)fst01796197 |
| 9 (RLIN) |
120812 |
| 648 #7 - SUBJECT ADDED ENTRY--CHRONOLOGICAL TERM |
| Chronological term |
2000-2099 |
| Source of heading or term |
fast |
| 9 (RLIN) |
19929 |
| 650 #0 - SUBJECT ADDED ENTRY--TOPICAL TERM |
| Topical term or geographic name entry element |
Architectural firms |
| Geographic subdivision |
New York (State) |
| -- |
New York. |
| 9 (RLIN) |
120882 |
| 650 #0 - SUBJECT ADDED ENTRY--TOPICAL TERM |
| Topical term or geographic name entry element |
Architecture, Modern |
| Chronological subdivision |
21st century |
| Form subdivision |
Pictorial works. |
| 9 (RLIN) |
118952 |
| 650 #7 - SUBJECT ADDED ENTRY--TOPICAL TERM |
| Topical term or geographic name entry element |
Architectural firms. |
| Source of heading or term |
fast |
| Authority record control number or standard number |
(OCoLC)fst00813255 |
| 9 (RLIN) |
32517 |
| 650 #7 - SUBJECT ADDED ENTRY--TOPICAL TERM |
| Topical term or geographic name entry element |
Architecture, Modern. |
| Source of heading or term |
fast |
| Authority record control number or standard number |
(OCoLC)fst00813842 |
| 9 (RLIN) |
32028 |
| 651 #7 - SUBJECT ADDED ENTRY--GEOGRAPHIC NAME |
| Geographic name |
New York (State) |
| Geographic subdivision |
New York. |
| Source of heading or term |
fast |
| Authority record control number or standard number |
(OCoLC)fst01204333 |
| 9 (RLIN) |
31770 |
| 655 #7 - INDEX TERM--GENRE/FORM |
| Genre/form data or focus term |
Illustrated works. |
| Source of term |
fast |
| Authority record control number |
(OCoLC)fst01423873 |
| 9 (RLIN) |
94792 |
| 655 #7 - INDEX TERM--GENRE/FORM |
| Genre/form data or focus term |
Pictorial works. |
| Source of term |
fast |
| Authority record control number |
(OCoLC)fst01423874 |
| 9 (RLIN) |
81105 |
| 655 #7 - INDEX TERM--GENRE/FORM |
| Genre/form data or focus term |
Illustrated works. |
| Source of term |
lcgft |
| 9 (RLIN) |
94792 |
| 700 1# - ADDED ENTRY--PERSONAL NAME |
| Personal name |
Wood, Dan, |
| Dates associated with a name |
1967- |
| Relator term |
author, |
| -- |
architect. |
| 9 (RLIN) |
120815 |
| 906 ## - LOCAL DATA ELEMENT F, LDF (RLIN) |
| a |
7 |
| b |
cbc |
| c |
copycat |
| d |
2 |
| e |
epcn |
| f |
20 |
| g |
y-gencatlg |
| 942 ## - ADDED ENTRY ELEMENTS (KOHA) |
| Source of classification or shelving scheme |
|
| Koha item type |
Book |